000 00211nam a22000857a 4500
008 170109b xxu||||| |||| 00| 0 eng d
100 _92287
_aCBSE
245 _aSample QP Mathematics-IX
260 _aNew delhi
_bAPC
_c2011
999 _c5184
_d5184